| 000 | 01356ngm a22003970a 4500 | ||
|---|---|---|---|
| 001 | PT41418 | ||
| 003 | AR-LpoUNG | ||
| 005 | 20210201235913.0 | ||
| 007 | vd cvaizq | ||
| 008 | 191001s1973||||ag |||||||||||||||||spa d | ||
| 037 | _c$8.75 | ||
| 040 |
_aAR-LpoUNG _bspa _cAR-LpoUNG _eaacr |
||
| 041 | _aspa | ||
| 044 | _aag | ||
| 082 | 0 | _a982.063 554olv | |
| 100 | 1 |
_aGleyzer, Raymundo _edir. |
|
| 245 | 1 | 0 |
_aNi olvido ni perdón : _b1972 : la masacre de Trelew |
| 260 |
_aBuenos Aires : _bBlackman, _c1973. |
||
| 300 | _aDVD (30 min.) : son., col. | ||
| 520 | _aEl 22 de agosto de 1972, 16 prisioneros políticos escapan; trece de ellos son asesinados después de rendirse a las autoridades, luego de una conferencia de prensa por TV. Los tres sibrevivientes relatan los hechos desde el hospital de la carcel. Poco después, ellos también son asesinados y forman parte de los 30.000 desaparecidos en Argentina durante los años 70. | ||
| 650 | 4 | _aARGENTINA | |
| 650 | 4 | _aASPECTOS POLITICOS | |
| 650 | 4 | _aGOBIERNO MILITAR | |
| 650 | 4 | _aHISTORIA | |
| 650 | 4 | _aVIOLENCIA | |
| 651 | 4 | _aArgentina | |
| 653 | _aCINE ARGENTINO | ||
| 653 | _aDOCUMENTALES | ||
| 653 | _aDVD | ||
| 653 | _aPRESOS POLITICOS | ||
| 653 | _aREPRESION | ||
| 653 | _aVIDEOS | ||
| 710 | 2 | _aCine de la Base (firma comercial) | |
| 905 | _a41418 | ||
| 942 | _cDVD | ||
| 999 |
_c53743 _d53743 |
||